000 00763nam a22002417a 4500
999 _c18868
_d18868
003 AR-CdUCM
008 190312b ||||| |||| 00| 0 spa d
020 _a84-254-0146-1
040 _aMUNICIPALIDAD PROVINCIAL DEL CUSCO
_cBIBLIOTECA MUNICIPAL DEL CUSCO
082 _a100.3 /
_bB85
_28ed.
100 _aBrugger, Walter.
_939752
245 _aDiccionario de Filosofía /
260 _aBarcelona :
_bHerder ;
_c1975.
300 _a683 páginas ;
_c23 cm
440 _a
_920964
505 _aContenido : Diccionario.
650 _aDiccionario.
_95196
650 _aFilosofía.
_9395
700 _aPullach, Berchmans de (colaborador)
_939753
700 _aVélez Cantarell, José María (Traductor)
_939754
942 _2ddc
_cLIBROS
945 _arum
_d2019-05-15